Lingüística aplicada del español
Saved in:
| Main Author: | |
|---|---|
| Format: | Book |
| Language: | Spanish |
| Published: |
Madrid, España.
Arco Libros,
2007
|
| Series: | Bibliotheca Philologica
|
| Subjects: | |
| Online Access: | Disponible Online - Indice - Cap. 1-2 y 4 |
| Tags: |
Add Tag
No Tags, Be the first to tag this record!
|
MARC
| LEADER | 00000nam a2200000 a 4500 | ||
|---|---|---|---|
| 001 | UCI9349 | ||
| 003 | CL-VaPUC | ||
| 005 | 20220624074351.0 | ||
| 008 | 081113e20070000SP |||||||||||||||||spa|d | ||
| 999 | |c 331908 |d 331906 | ||
| 020 | |a 8476356633 | ||
| 040 | |c Pontificia Universidad Católica de Valparaíso | ||
| 082 | 0 | 4 | |a 468 LAC 2007 |2 21 |
| 100 | |a Lacorte, Manel |e author |9 577161 | ||
| 245 | 1 | 0 | |a Lingüística aplicada del español |
| 260 | |a Madrid, España. |b Arco Libros, |c 2007 | ||
| 300 | |a 553 páginas | ||
| 490 | 0 | |a Bibliotheca Philologica | |
| 583 | |a last modification |c 20081113 00:00:00 |k Rodrigo Vera | ||
| 650 | 0 | |a Lingüística española |2 CL-VaPUC |9 353524 | |
| 650 | 0 | |a Lingüística aplicada |9 313266 | |
| 650 | 0 | |a Enseñanza de idiomas |v Español |9 339820 | |
| 650 | 0 | |a Traducción e interpretación |2 CL-VaPUC |9 315998 | |
| 856 | |u http://bibliografiadigital.pucv.cl.pucv.idm.oclc.org/index.php/bibliotecapucv/catalog/book/659 |y Disponible Online - Indice - Cap. 1-2 y 4 | ||
| 942 | |c BK |2 ddc | ||
| 945 | |d 20081113 00:00:00 |a rbrito | ||
| 952 | |0 0 |1 0 |4 0 |6 468_000000000000000_LAC_2007 |7 0 |8 A |9 419122 |a FDOPOS |b BIBEDU |d 2019-11-22 |i 4495586 |l 3 |o 468 LAC 2007 |p 4495586 |r 2025-01-22 |s 2023-08-10 |w 2019-11-22 |y BK |k MLA | ||